00805nam a2200205 a 450000100100000000500170001000800410002704000250006808200220009310000400011524500460015525000110020126000420021230000280025450000450028204900090032795201200033695201260045699900170058200002784320200930031136.0110405s1981 dr a 000 | spa d aDO-SdBNPbspacBNPHU axxxxbS254s, 19811 aSatyananda Saraswati,d1923-95492310aSendero al yoga /cSatyananda Paramhansa. a2a ed. aSanto Domingo :bSatyanashram,c1981. a123 p. :bil. ;c21 cm. aIncluye glosario de palabras sanscritas. aBNPD 0010718PDaPDbPDcHDd2011-04-05iLF1l0oxxxx S254s, 1981p27843-10r2020-06-25w2020-06-25yLFPDZNo se presta 0010718PDaPDbPDcCTd2012-11-12iLF1l0oxxxx S254s, 1981p27843-20r2020-06-25te. 2w2020-06-25yLFPDZNo se presta c27335d27335